000 00366 a2200109 4500
001 ART_39503
005 20260410161821.0
008 260409a
245 1 0 _aLa aplicación de la ley penal tributaria a los tributos locales
100 1 _aSemachowicz, Esteban D.
773 0 _tDoctrina Penal Tributaria y Económica
_g- Nº 40 (jun. 2016)
_wREV4317
999 _c22370
_d22370